| Tag |
First Indicator |
Second Indicator |
Subfields |
| LEADER |
00000cam a2200000 a 4500 |
| 001 |
in00002000384 |
| 005 |
20151031125319.0 |
| 008 |
040414s2005 mnua b 001 0 eng |
| 010 |
|
|
|a 2004008635
|
| 020 |
|
|
|a 0873515064 (alk. paper)
|
| 035 |
|
|
|a (OCoLC)ocm55000389
|
| 040 |
|
|
|a DLC
|c DLC
|d UtOrBLW
|
| 043 |
|
|
|a n-us-mn
|
| 049 |
|
|
|a TXAM
|
| 050 |
0 |
0 |
|a D769.85.M6
|b K46 2005
|
| 082 |
0 |
0 |
|a 940.53/776
|2 22
|
| 100 |
1 |
|
|a Kenney, Dave,
|d 1961-
|
| 245 |
1 |
0 |
|a Minnesota goes to war :
|b the home front during World War II /
|c Dave Kenney ; foreword by Wendell R. Anderson.
|
| 264 |
|
1 |
|a St. Paul :
|b Minnesota Historical Society Press,
|c [2005]
|
| 264 |
|
4 |
|c ©2005
|
| 300 |
|
|
|a xv, 269 pages :
|b illustrations ;
|c 26 cm.
|
| 336 |
|
|
|a text
|b txt
|2 rdacontent
|
| 337 |
|
|
|a unmediated
|b n
|2 rdamedia
|
| 338 |
|
|
|a volume
|b nc
|2 rdacarrier
|
| 504 |
|
|
|a Includes bibliographical references (pages 237-259) and index.
|
| 650 |
|
0 |
|a World War, 1939-1945
|z Minnesota.
|
| 651 |
|
0 |
|a Minnesota
|x History
|y 20th century.
|
| 856 |
4 |
1 |
|3 Table of contents
|u http://www.loc.gov/catdir/toc/ecip0417/2004008635.html
|t 0
|
| 945 |
|
|
|i PromptCat
|
| 948 |
|
|
|a cataloged
|b h
|c 2004/10/28
|d c
|e dmitchel
|f 3:00:00 pm
|
| 994 |
|
|
|a 92
|b TXA
|
| 999 |
|
|
|a MARS
|
| 999 |
f |
f |
|s 66f28226-820f-3b08-b68e-a700e3fde6e8
|i d95fa1c0-74b2-30ed-9072-5f2cecfbc182
|t 0
|
| 952 |
f |
f |
|p ric
|a Texas A&M University
|b Rellis Campus
|c Joint Library Facility
|d Remote Storage
|t 0
|e D769.85.M6 K46 2005
|h Library of Congress classification
|i unmediated -- volume
|m A14831344476
|
| 998 |
f |
f |
|a D769.85.M6 K46 2005
|t 0
|l Remote Storage
|